000 00323nam a2200121Ia 4500
008 220204s9999 xx 000 0 und d
020 _a0976184923
082 _a577.2:546.172.6
_bMAG
100 _aMagalhaes, Jose R
245 0 _aNitric oxide signalling in higher plants
260 _aUSA
_bStadium Press
_c2005
942 _cBK
999 _c42637
_d42637